Outsourcing: What does it take to be a top-notch service provider? (Record no. 68524)

MARC details
000 -LEADER
fixed length control field 00980cam a2200229 4500
001 - CONTROL NUMBER
control field ABS64600
008 - FIXED-LENGTH DATA ELEMENTS--GENERAL INFORMATION
fixed length control field 011009n2001 000 0 eng u
035 ## - SYSTEM CONTROL NUMBER
System control number (Sirsi) u115047
100 ## - MAIN ENTRY--PERSONAL NAME
Personal name Rollins-Hinkle, B.
245 ## - TITLE STATEMENT
Title Outsourcing: What does it take to be a top-notch service provider?
260 ## - PUBLICATION, DISTRIBUTION, ETC.
Date of publication, distribution, etc. 2001
490 ## - SERIES STATEMENT
Series statement Journal of Corporate Real Estate
Volume/sequential designation 3(4) September 2001, 370-380(11)
520 ## - SUMMARY, ETC.
Summary, etc. Outsourcing has become a mainstream management practice in recent years. Considers what it takes to become a leader in providing value added services as an outsourced real estate professional. Also looks at why companies are using outsourced firms for functions they have traditionally handled in-house.
590 ## - LOCAL NOTE (RLIN)
Local note ABS
650 ## - SUBJECT ADDED ENTRY--TOPICAL TERM
Topical term or geographic name entry element OUTSOURCING
650 ## - SUBJECT ADDED ENTRY--TOPICAL TERM
Topical term or geographic name entry element VALUE-ADDED SERVICES
650 ## - SUBJECT ADDED ENTRY--TOPICAL TERM
Topical term or geographic name entry element PROCESS ENGINEERING
650 ## - SUBJECT ADDED ENTRY--TOPICAL TERM
Topical term or geographic name entry element SERVICE PROVIDERS
650 ## - SUBJECT ADDED ENTRY--TOPICAL TERM
Topical term or geographic name entry element FACILITIES MANAGEMENT
9 (RLIN) 6240
690 ## - LOCAL SUBJECT ADDED ENTRY--TOPICAL TERM (OCLC, RLIN)
Topical term or geographic name as entry element PROPERTY MANAGEMENT-CORPORATE REAL ESTATE
942 ## - ADDED ENTRY ELEMENTS (KOHA)
Suppress in OPAC 0
Holdings
Withdrawn status Lost status Source of classification or shelving scheme Damaged status Not for loan Home library Current library Shelving location Date acquired Total Checkouts Full call number Barcode Date last seen Copy number Price effective from Koha item type
    Dewey Decimal Classification     London London Journal article 09/10/2001   ABS64600 115047-1001 06/08/2019 1 06/08/2019 Journal article